| 000 | 00637nam a2200205 a 4500 | ||
|---|---|---|---|
| 003 | BD-DhJNU | ||
| 005 | 20250313041022.0 | ||
| 008 | 250204s2006 ii a b 001 0 eng | ||
| 020 | _a8177580140 | ||
| 040 |
_aBD-DhJNU _bENG _cBD-DhJNU _dBD-DhJNU |
||
| 082 |
_a175 MED _223 |
||
| 245 | 0 |
_aMedia ethics: _bcases and moral reasoning / _cClifford G. Christians ... [et al.]. |
|
| 250 | _a7th ed. | ||
| 260 |
_aNew Delhi : _bPearson Education, _c2006. |
||
| 300 |
_axviii, 336 p. : _bill. ; _c24 cm. |
||
| 504 | _aIncludes bibliographical references and index. | ||
| 650 | 0 | _aMedia ethics | |
| 700 | 1 | _aChristians, Clifford G. | |
| 942 | _cBK | ||
| 999 |
_c1479 _d1479 |
||